Quiz sur Poutine - Statistiques

Statistiques générales
  • Ce quiz a été pris 157 fois
  • Le résultat moyen est 8 sur 15
Statistiques - réponses
Hint Réponse % Correct
Agence de renseignement où il a travaillé KGB
89%
Pays qu'il a envahi mais qui lui résiste depuis un an Ukraine
88%
Son animal préféré Chien
77%
Son année de naissance 1952
76%
Hormis le russe quelle langue parle t-il parfaitement? Allemand
72%
Sa résidence depuis 2012 Kremlin
64%
Sa ville de naissance Saint-Petersbourg
64%
Son sport préféré Judo
63%
Son grand "ami" en politique, Poutine le plaçant même à la tête du pouvoir en 2008 Dmitri Medvedev
53%
Homme politique qui l'a placé dans les plus hautes sphères du pouvoir Boris Eltsine
43%
Système politique et social qu'il a continué de mettre en place, qui favorise certaines personnalités russes (Roman Abramovitch par exemple) proches de lui Oligarchie
40%
République russe dissidente dans les années 90 où Poutine alors ministre de l'intérieur est intervenu militairement. Tchétchénie
39%
Son grade dans cette Agence Capitaine
14%
Journaliste russe qu'il a probablement fait assassiner en 2006 Anna Politovskaia
5%
Sa première femme avec qui il a eu 2 filles Lioudmila Poutina
3%
Aucun quiz correspondant
Distribution des résultats
% des personnes avec chaque résultat
Percentile par nombre de réponses
Votre historique - résultats
Vous n’avez pas pris ce quiz